[Event "23rd Abu Dhabi Masters"]
[Site "Abu Dhabi UAE"]
[Date "2016.08.23"]
[Round "3.29"]
[White "Aryan, Chopra"]
[Black "Dimakiling, Oliver"]
[Result "1/2-1/2"]
[WhiteTitle "IM"]
[BlackTitle "IM"]
[WhiteElo "2485"]
[BlackElo "2382"]
[WhiteFideId "5084423"]
[BlackFideId "5202248"]
[EventDate "2016.08.21"]

1. e4 Nf6 2. e5 Ng8 3. d4 d6 4. f4 dxe5 5. fxe5 Nc6 6. Nf3 Bg4 7. c3 Qd7 8. b4
e6 9. Be2 Nge7 10. O-O h6 11. Qe1 a6 12. Nbd2 Nd5 13. Ne4 b6 14. h3 Bf5 15. Ng3
Bh7 16. Bd2 b5 17. a4 Rb8 18. axb5 axb5 19. Qf2 Be7 20. Nh5 O-O 21. Qg3 Bg6 22.
Nh4 Bxh4 23. Qxh4 Rfd8 24. Rf3 Nxc3 25. Bxc3 Nxd4 26. Bxd4 Qxd4+ 27. Qxd4 Rxd4
28. Nf4 Be4 29. Rc3 c6 30. Nd3 Rbd8 31. Raa3 g5 32. Kf2 Kg7 33. Rab3 Bd5 34. Rb2
Bc4 35. Nc5 Bxe2 36. Kxe2 R8d5 37. Ke3 h5 38. Rd3 Rc4 39. Rxd5 cxd5 40. Nd3 Re4+
41. Kd2 f6 42. exf6+ Kxf6 43. Rc2 g4 44. Rc5 gxh3 45. gxh3 Rh4 46. Rxb5 Rxh3 47.
Rb8 e5 48. Rf8+ Ke7 49. Rf5 Kd6 50. Rg5 Rh2+ 51. Kc1 Rh1+ 52. Kc2 Rh2+ 53. Kd1
Rh1+ 54. Ke2 Rh2+ 55. Kf1 e4 56. Nf4 Rd2 57. Rxh5 e3 58. Ke1 Rd4 59. Rh6+ Ke5
60. Ng6+ Ke4 61. Rh4+ Kd3 62. Ne5+ Kc3 63. Rxd4 Kxd4 64. Nd3 Kc4 65. Ke2 1/2-1/2

[Event "23rd Abu Dhabi Masters"]
[Site "Abu Dhabi UAE"]
[Date "2016.08.23"]
[Round "3.30"]
[White "Lei, Tingjie"]
[Black "Abhishek, Kelkar"]
[Result "1-0"]
[WhiteTitle "WGM"]
[BlackTitle "IM"]
[WhiteElo "2480"]
[BlackElo "2380"]
[WhiteFideId "8605114"]
[BlackFideId "5019257"]
[EventDate "2016.08.21"]

1. d4 Nf6 2. c4 e6 3. Nf3 d5 4. Nc3 Be7 5. Bg5 O-O 6. Qc2 h6 7. Bxf6 Bxf6 8.
O-O-O b6 9. e4 Bb7 10. cxd5 exd5 11. e5 Be7 12. Bd3 Nd7 13. Bf5 Re8 14. g4 Nf8
15. h4 Bc8 16. Rdg1 Be6 17. g5 Qd7 18. Bxe6 Qxe6 19. Ne2 hxg5 20. hxg5 Qg6 21.
Qd2 c5 22. Nh4 Qc6 23. f4 Rac8 24. Kb1 cxd4 25. Nxd4 Qa4 26. Nhf5 Ng6 27. Qh2 1-0

[Event "23rd Abu Dhabi Masters"]
[Site "Abu Dhabi UAE"]
[Date "2016.08.23"]
[Round "3.31"]
[White "Puranik, Abhimanyu"]
[Black "Omar, Noaman"]
[Result "1-0"]
[WhiteTitle "IM"]
[BlackTitle "IM"]
[WhiteElo "2469"]
[BlackElo "2377"]
[WhiteFideId "5061245"]
[BlackFideId "9300244"]
[EventDate "2016.08.21"]

1. e4 c6 2. d4 d5 3. Nd2 dxe4 4. Nxe4 Bf5 5. Ng3 Bg6 6. h4 h6 7. Nf3 Nd7 8. h5
Bh7 9. Bd3 Bxd3 10. Qxd3 e6 11. Bd2 Qc7 12. O-O-O O-O-O 13. Ne4 Ngf6 14. g3 Nxe4
15. Qxe4 Bd6 16. Kb1 Rhe8 17. c4 c5 18. Bc3 Nf6 19. Qe2 cxd4 20. Nxd4 a6 21. Rc1
Qc5 22. Rh4 Rd7 23. b4 Qe5 24. Qf3 Bc7 25. Nb5 Qf5+ 26. Qxf5 exf5 27. Nxc7 Kxc7
28. Rf4 Nxh5 29. Rxf5 g6 30. Rc5+ Kd8 31. g4 Nf4 32. Bf6+ Ree7 33. Re1 Ne6 34.
Rce5 g5 35. Rxe6 fxe6 36. Rxe6 Ke8 37. Bxe7 Rxe7 38. Rxe7+ Kxe7 39. Kc2 Ke6 40.
Kd3 Ke5 41. Ke3 b5 42. c5 1-0

[Event "23rd Abu Dhabi Masters"]
[Site "Abu Dhabi UAE"]
[Date "2016.08.23"]
[Round "3.32"]
[White "Kulkarni, Rakesh"]
[Black "Swayams, Mishra"]
[Result "0-1"]
[BlackTitle "IM"]
[WhiteElo "2316"]
[BlackElo "2468"]
[WhiteFideId "5037077"]
[BlackFideId "5028183"]
[EventDate "2016.08.21"]

1. e4 e6 2. d4 d5 3. Nd2 Be7 4. Bd3 c5 5. dxc5 Nf6 6. Qe2 O-O 7. c3 a5 8. Ngf3
Na6 9. exd5 Nxc5 10. Bb5 Nxd5 11. Ne4 Qc7 12. O-O b6 13. Nxc5 Bxc5 14. c4 Nf6
15. Bg5 Bb7 16. Rad1 Ng4 17. g3 Bxf2+ 18. Rxf2 Qc5 19. Rd7 Bxf3 20. Be7 Bxe2 21.
Bxc5 Bxc4 22. Bxc4 bxc5 23. Re2 Nf6 24. Rc7 Rfd8 25. Rxc5 Rdc8 26. Rxc8+ Rxc8
27. b3 Rc5 28. Rd2 g5 29. Rd8+ Kg7 30. Ra8 Ne4 31. Ra7 Re5 32. Bd3 Nd2 33. Kf2
g4 34. Rb7 Ne4+ 35. Bxe4 Rxe4 36. a4 Kf6 37. Rb5 Re5 38. Rb8 Rh5 39. Ke3 Rxh2
40. Rb5 Rb2 41. Kf4 h5 42. Rxh5 Rxb3 43. Rf5+ Ke7 44. Rxa5 f5 45. Ke5 Re3+ 46.
Kf4 Rf3+ 47. Ke5 Re3+ 48. Kf4 Rf3+ 49. Ke5 Kf7 50. Ra7+ Kg6 51. Kxe6 Rxg3 52.
Ke5 Re3+ 53. Kf4 Rf3+ 54. Ke5 Re3+ 55. Kf4 Rf3+ 56. Ke5 Kg5 57. Rg7+ Kh4 58. a5
Ra3 59. Ra7 g3 60. a6 Kg4 61. Ra8 Ra5+ 62. Kd4 g2 63. Kc4 Kf3 64. Kb4 g1=Q 65.
Kxa5 Qc5+ 0-1

[Event "23rd Abu Dhabi Masters"]
[Site "Abu Dhabi UAE"]
[Date "2016.08.23"]
[Round "3.33"]
[White "Muthaiah, AL"]
[Black "Georgescu, Tiberiu-Marian"]
[Result "0-1"]
[BlackTitle "GM"]
[WhiteElo "2289"]
[BlackElo "2463"]
[WhiteFideId "5092442"]
[BlackFideId "1213300"]
[EventDate "2016.08.21"]

1. b3 e5 2. Bb2 Nc6 3. e3 Nf6 4. c4 d5 5. cxd5 Nxd5 6. a3 Bd6 7. Qc2 O-O 8. Nf3
Qe7 9. d3 Kh8 10. Nbd2 Bg4 11. Be2 f5 12. h3 Bh5 13. g4 fxg4 14. hxg4 Bxg4 15.
d4 Bf5 16. Bd3 e4 17. Bxe4 Bxe4 18. Nxe4 Bb4+ 19. axb4 Ncxb4 20. Qb1 Rxf3 21.
Rxh7+ Kg8 22. Ke2 Raf8 23. Rh2 Nf4+ 24. Kd2 Nfd3 25. Ke2 Qxe4 0-1

[Event "23rd Abu Dhabi Masters"]
[Site "Abu Dhabi UAE"]
[Date "2016.08.23"]
[Round "3.34"]
[White "Harikrishnan, A. Ra"]
[Black "Illingworth, Max"]
[Result "1-0"]
[BlackTitle "GM"]
[WhiteElo "2280"]
[BlackElo "2458"]
[WhiteFideId "5081483"]
[BlackFideId "3205207"]
[EventDate "2016.08.21"]

1. e4 c5 2. Nf3 e6 3. d4 cxd4 4. Nxd4 Nc6 5. Nc3 Qc7 6. Be2 a6 7. O-O Nf6 8. Be3
Bb4 9. Na4 O-O 10. Nxc6 bxc6 11. Nb6 Rb8 12. Nxc8 Rfxc8 13. Bxa6 Rd8 14. Bd3 Bd6
15. f4 e5 16. f5 Rxb2 17. g4 h6 18. h4 h5 19. gxh5 Qa5 20. h6 Bc5 21. Qc1 d5 22.
Bxc5 Qxc5+ 23. Kh1 dxe4 24. Qg5 Qf8 25. Rg1 Rd6 26. hxg7 Qd8 27. Bc4 Rb7 28.
Raf1 Rd4 29. Qh6 Nh7 30. f6 Qc8 31. Be6 1-0

[Event "23rd Abu Dhabi Masters"]
[Site "Abu Dhabi UAE"]
[Date "2016.08.23"]
[Round "3.35"]
[White "Das, Arghyadip"]
[Black "Geldiyeva, Mahri"]
[Result "1-0"]
[WhiteTitle "IM"]
[BlackTitle "WGM"]
[WhiteElo "2457"]
[BlackElo "2285"]
[WhiteFideId "5003610"]
[BlackFideId "14000059"]
[EventDate "2016.08.21"]

1. e4 Nf6 2. e5 Nd5 3. c4 Nb6 4. d4 d6 5. exd6 exd6 6. Nc3 Nc6 7. h3 Bf5 8. Be3
Be7 9. Nf3 O-O 10. d5 Ne5 11. Nxe5 dxe5 12. Qd2 Nd7 13. g4 Bg6 14. h4 h5 15.
gxh5 Bxh5 16. Be2 Bxe2 17. Qxe2 f5 18. O-O-O a5 19. Rhg1 Rf7 20. h5 Ra6 21. h6
f4 22. hxg7 Bf6 23. Bd2 Nc5 24. Ne4 Nxe4 25. Qxe4 Rxg7 26. Bc3 Qe7 27. Rxg7+
Bxg7 28. Rg1 Kh8 29. Rh1+ Kg8 30. Qh7+ Kf8 31. Rh5 Ke8 32. Rf5 Kd7 33. Bxe5 Bxe5
34. Rf7 Bd6 35. Kc2 Qxf7 36. Qxf7+ Kd8 37. Qg8+ Kd7 38. Qe6+ Kd8 39. a3 a4 40.
Qg8+ Kd7 41. Qe6+ Kd8 42. Qg8+ Kd7 43. Qb8 b6 44. Kd3 Ra5 45. Qb7 Rc5 46. Kd4
Ra5 47. f3 Kd8 48. Ke4 Kd7 49. Qb8 Rc5 50. Kd4 Ra5 51. Qh8 Rc5 52. Qg8 Ra5 53.
Qe6+ Kd8 54. Ke4 b5 55. Kf5 bxc4 56. Kf6 Ra6 57. Qg8+ Kd7 58. Qe6+ Kd8 59. Kf7
c5 60. Qf6+ Kc7 61. Qc3 Ra8 62. Qxc4 Rf8+ 63. Kg7 Rb8 64. Qxa4 Rb6 65. Kf7 Kb7
66. b3 Bc7 67. Ke7 Bd6+ 68. Kd7 Bc7 69. Qc4 Rd6+ 70. Ke7 Rb6 71. Qxc5 Rxb3 72.
d6 Re3+ 73. Kd7 Bb6 74. Qc6+ Ka6 75. Qa4+ Kb7 76. Qc6+ Ka6 77. a4 Ra3 78. Kc8 1-0

[Event "23rd Abu Dhabi Masters"]
[Site "Abu Dhabi UAE"]
[Date "2016.08.23"]
[Round "3.36"]
[White "Srinath, Rao S.V."]
[Black "Gusain, Himal"]
[Result "1/2-1/2"]
[WhiteTitle "FM"]
[WhiteElo "2261"]
[BlackElo "2453"]
[WhiteFideId "5028876"]
[BlackFideId "5033861"]
[EventDate "2016.08.21"]

1. e4 e5 2. Nf3 Nc6 3. Bc4 Be7 4. O-O Nf6 5. d3 O-O 6. Re1 d6 7. a4 Kh8 8. c3
Ng8 9. d4 f5 10. dxe5 fxe4 11. Rxe4 Bf5 12. Re1 Bg4 13. Nbd2 Nxe5 14. Be2 Ng6
15. Nc4 Nf4 16. Bxf4 Rxf4 17. Ne3 Bd7 18. Nd5 Rf8 19. Nxe7 Qxe7 20. Qb3 Bc6 21.
Bb5 Qd7 22. Nd4 Rae8 23. Qc4 Bxb5 24. axb5 Nf6 25. f3 Re5 26. Rxe5 dxe5 27. Ne6
Re8 28. Nxc7 Rc8 29. b6 axb6 30. Ra8 Rxa8 31. Nxa8 Nd5 32. Qd3 Qc6 33. c4 Qc5+
34. Kf1 Qxc4 35. Qxc4 Ne3+ 36. Kf2 Nxc4 37. b3 Na5 38. Nxb6 Nxb3 39. Nc4 Kg8 40.
Nxe5 Kf8 41. h4 Ke7 42. Ke3 Ke6 43. Nd3 b5 44. g4 Na5 45. f4 Nc6 46. Ke4 b4 47.
Nc5+ Kd6 48. Nb3 Ne7 49. f5 h5 50. gxh5 Nd5 51. Kd4 Ne7 52. Ke4 Ng8 53. Kd4 Nf6
54. Nd2 Nxh5 55. Ne4+ Ke7 56. Kc4 Nf6 57. Ng5 Ne8 58. Kxb4 Nc7 59. Ne4 Nd5+ 60.
Kc5 Ne3 61. f6+ gxf6 62. Nxf6 1/2-1/2

[Event "23rd Abu Dhabi Masters"]
[Site "Abu Dhabi UAE"]
[Date "2016.08.23"]
[Round "3.37"]
[White "Thejkumar, M. S."]
[Black "Pranavananda, V"]
[Result "1/2-1/2"]
[WhiteTitle "IM"]
[WhiteElo "2445"]
[BlackElo "2271"]
[WhiteFideId "5009154"]
[BlackFideId "5073588"]
[EventDate "2016.08.21"]

1. d4 d5 2. Nf3 c6 3. c4 dxc4 4. e4 b5 5. a4 e6 6. b3 Bb4+ 7. Bd2 Bxd2+ 8. Qxd2
Nf6 9. axb5 cxb3 10. Nc3 O-O 11. Rb1 Bb7 12. e5 Nfd7 13. Rxb3 c5 14. Be2 cxd4
15. Qxd4 Nb6 16. O-O Qxd4 17. Nxd4 Rd8 18. Rd1 N8d7 19. Nc6 Bxc6 20. bxc6 Nxe5
21. Rxd8+ Rxd8 22. c7 Rc8 23. Nb5 g5 24. Ra3 Kf8 25. Rxa7 Nd5 26. Rb7 Ke7 27.
Bd1 Nd7 28. Bf3 N7b6 29. Rb8 Kd7 30. Bxd5 Nxd5 31. Rxc8 Kxc8 32. Nd6+ Kxc7 33.
Nxf7 g4 34. Ng5 h5 35. Nxe6+ Kd6 36. Nd4 Ke5 37. Ne2 h4 38. f3 Kf5 39. Kf2 Kg5
40. Nd4 Nf4 41. Nc2 Nd3+ 42. Ke3 Nf4 43. Ne1 Nd5+ 44. Kd4 Nf4 45. Ke4 Nh5 46.
Nd3 Nf6+ 47. Ke5 Nd7+ 48. Kd6 Nf8 49. fxg4 Kxg4 50. Ke7 Nh7 51. Ke6 Ng5+ 52. Ke5
h3 53. Nf2+ Kh5 54. g4+ Kh4 55. Kf4 Ne6+ 56. Kf3 Ng5+ 57. Ke3 Ne6 58. Ke4 Ng5+
59. Kf5 Nf3 60. Kf4 Nxh2 61. g5 Kh5 62. Kf5 Nf3 63. Nxh3 Nxg5 64. Nxg5 1/2-1/2

[Event "23rd Abu Dhabi Masters"]
[Site "Abu Dhabi UAE"]
[Date "2016.08.23"]
[Round "3.38"]
[White "Mohota, Nisha"]
[Black "Kjartansson, Gudmundur"]
[Result "1-0"]
[WhiteTitle "IM"]
[BlackTitle "IM"]
[WhiteElo "2257"]
[BlackElo "2442"]
[WhiteFideId "5004330"]
[BlackFideId "2301318"]
[EventDate "2016.08.21"]

1. d4 d5 2. c4 e6 3. Nf3 Nf6 4. g3 Bb4+ 5. Bd2 Be7 6. Bg2 O-O 7. O-O c6 8. Qc2
Nbd7 9. Bf4 b6 10. Rd1 Ba6 11. Ne5 Rc8 12. cxd5 Nxd5 13. Nc3 Nxe5 14. Bxe5 Nxc3
15. bxc3 Bd6 16. Bxd6 Qxd6 17. c4 Qb4 18. Rac1 Rfd8 19. e3 Rc7 20. c5 Bb5 21.
Qc3 Qa4 22. Rd2 Rcd7 23. f4 f6 24. Bh3 Re7 25. Bg4 e5 26. dxe5 Rxd2 27. Qxd2
fxe5 28. Bh5 g6 29. Bd1 1-0

[Event "23rd Abu Dhabi Masters"]
[Site "Abu Dhabi UAE"]
[Date "2016.08.23"]
[Round "3.39"]
[White "Vignesh, N R"]
[Black "Derakhshani, Borna"]
[Result "1-0"]
[WhiteTitle "IM"]
[BlackTitle "FM"]
[WhiteElo "2423"]
[BlackElo "2265"]
[WhiteFideId "25012215"]
[BlackFideId "12518450"]
[EventDate "2016.08.21"]

1. e4 c6 2. d4 d5 3. Nc3 dxe4 4. Nxe4 Bf5 5. Ng3 Bg6 6. Nf3 Nd7 7. Bd3 e6 8. O-O
Ngf6 9. Re1 Bd6 10. Nf5 Bxf5 11. Bxf5 Qc7 12. Bd3 O-O-O 13. Qe2 h5 14. h3 Rdg8
15. c4 Bf4 16. Ne5 Bxc1 17. Raxc1 Nxe5 18. dxe5 Nd7 19. c5 g5 20. g3 h4 21. g4
Nf8 22. b4 Ng6 23. Bxg6 Rxg6 24. Rcd1 f5 25. gxf5 exf5 26. e6 g4 27. e7 gxh3+
28. Kh1 Re8 29. Rd8+ 1-0

[Event "23rd Abu Dhabi Masters"]
[Site "Abu Dhabi UAE"]
[Date "2016.08.23"]
[Round "3.40"]
[White "Karavade, Eesha"]
[Black "Sidhant, Mohapatra"]
[Result "1-0"]
[WhiteTitle "IM"]
[WhiteElo "2415"]
[BlackElo "2259"]
[WhiteFideId "5012600"]
[BlackFideId "5028698"]
[EventDate "2016.08.21"]

1. d4 d5 2. c4 c6 3. cxd5 cxd5 4. Bf4 Nf6 5. Nc3 a6 6. e3 Nc6 7. Be2 Qb6 8. a3
Bf5 9. Na4 Qa5+ 10. b4 Qd8 11. Rc1 e6 12. Nf3 Bd6 13. Bxd6 Qxd6 14. Nc5 Ra7 15.
Nxb7 Rxb7 16. Qa4 O-O 17. Rxc6 Qe7 18. O-O a5 19. Qxa5 Ra7 20. Ra6 Rc7 21. Ne5
Rc2 22. Bd3 Bxd3 23. Nxd3 Ne4 24. Ra8 g6 25. Rxf8+ Kxf8 26. b5 Nd2 27. b6 Kg7
28. Qa8 1-0

[Event "23rd Abu Dhabi Masters"]
[Site "Abu Dhabi UAE"]
[Date "2016.08.23"]
[Round "3.41"]
[White "Derakhshani, Dorsa"]
[Black "Hill, Alistair"]
[Result "0-1"]
[WhiteTitle "WIM"]
[WhiteElo "2405"]
[BlackElo "2257"]
[WhiteFideId "12500330"]
[BlackFideId "432407"]
[EventDate "2016.08.21"]

1. e4 c5 2. Nf3 Nc6 3. Bb5 g6 4. Bxc6 bxc6 5. O-O Bg7 6. c3 Nf6 7. Re1 O-O 8. d4
Qb6 9. Qc2 d6 10. h3 Rb8 11. Nbd2 Ba6 12. Nb3 cxd4 13. cxd4 Bb5 14. Be3 Ba4 15.
Nfd2 Rfc8 16. f3 Nd7 17. Qc4 Bb5 18. Qc2 Qa6 19. Bg5 c5 20. e5 cxd4 21. Qe4 dxe5
22. Bxe7 Bf6 23. Ba3 Bc6 24. Qg4 h5 25. Qg3 Bd5 26. f4 Re8 27. Ne4 Bxe4 28. Rxe4
exf4 29. Qxf4 Rxe4 30. Qxe4 Qe6 31. Qf3 Bg5 32. Rd1 Ne5 33. Qe4 Be3+ 34. Kh1 Ng4
35. Qxe6 Nf2+ 36. Kh2 fxe6 37. Re1 d3 38. Rxe3 Rxb3 39. axb3 d2 40. Rf3 d1=Q 41.
Rxf2 Qxb3 42. Rf3 Qd5 43. Kg3 e5 44. Kf2 Qd2+ 45. Kf1 e4 46. Rf8+ Kg7 47. g4 e3 0-1

[Event "23rd Abu Dhabi Masters"]
[Site "Abu Dhabi UAE"]
[Date "2016.08.23"]
[Round "3.42"]
[White "Sardana, Rishi"]
[Black "Deshpande, Aniruddha"]
[Result "1/2-1/2"]
[WhiteTitle "IM"]
[WhiteElo "2403"]
[BlackElo "2219"]
[WhiteFideId "25004301"]
[BlackFideId "5021774"]
[EventDate "2016.08.21"]

1. e4 d5 2. exd5 Nf6 3. d4 Bg4 4. f3 Bf5 5. Bb5+ Nbd7 6. Nc3 a6 7. Ba4 b5 8. Bb3
Nb6 9. Nge2 Nbxd5 10. Nxd5 Nxd5 11. Ng3 Bg6 12. f4 e6 13. Qf3 c6 14. O-O Be7 15.
f5 exf5 16. Nxf5 Bxf5 17. Qxf5 O-O 18. c3 Ra7 19. a4 b4 20. c4 Nf6 21. Be3 Qc8
22. Qf3 c5 23. d5 Bd6 24. Rae1 Re7 25. Bc2 Qg4 26. Bf2 Qxf3 27. gxf3 Rfe8 28. a5
Rxe1 29. Rxe1 Rxe1+ 30. Bxe1 Nd7 31. Kg2 Ne5 32. b3 g6 33. Bh4 Nd7 34. Bg3 Bxg3
35. Kxg3 f5 36. h4 Kf7 37. h5 Kf6 38. hxg6 hxg6 39. f4 Kf7 40. Kh4 Nf6 41. d6
Ne4 42. Bxe4 fxe4 43. Kg3 Ke6 44. Kf2 Kxd6 45. Ke3 Ke7 46. Kxe4 Ke6 47. Ke3 Kf6
48. Kf2 Ke6 49. Kg3 Kf5 50. Kf3 Ke6 51. Ke4 Kd6 52. Ke3 Ke6 53. Kf2 Kf5 54. Kf3
Ke6 55. Ke4 Kd6 56. f5 g5 57. f6 Ke6 58. f7 Kxf7 59. Kf5 g4 60. Kxg4 Kg6 61. Kf4
Kf6 62. Ke4 Ke6 63. Kf4 Kf6 64. Ke4 1/2-1/2

[Event "23rd Abu Dhabi Masters"]
[Site "Abu Dhabi UAE"]
[Date "2016.08.23"]
[Round "3.43"]
[White "Sankalp, Gupta"]
[Black "Krishna, C R G"]
[Result "0-1"]
[BlackTitle "IM"]
[WhiteElo "1990"]
[BlackElo "2401"]
[WhiteFideId "5097010"]
[BlackFideId "5018625"]
[EventDate "2016.08.21"]

1. e4 e6 2. d4 d5 3. Nd2 c5 4. exd5 Qxd5 5. dxc5 Bxc5 6. Ngf3 Nf6 7. Bc4 Qc6 8.
Qe2 O-O 9. O-O Nbd7 10. Nb3 Bd6 11. Bd3 Qc7 12. h3 b6 13. c3 Bb7 14. Nbd4 a6 15.
Bc2 Rfe8 16. Rd1 Rad8 17. Be3 h6 18. Nb3 Nd5 19. a4 N7f6 20. Nbd2 Nxe3 21. Qxe3
Nd5 22. Qd3 f5 23. Qc4 Qf7 24. Qf1 Nf4 25. Re1 Qg6 26. g3 Qh5 27. Nh4 Bc5 28.
Nb3 Be7 29. Bd1 Rxd1 30. Raxd1 Bxh4 31. gxh4 Bg2 32. Qxg2 Nxg2 33. Kxg2 e5 34.
Rd6 e4 35. Nd4 f4 36. Rd7 Kh8 37. Rg1 Qxh4 38. Rxg7 e3 39. Nf5 Qxf2+ 40. Kh1 e2
41. Nxh6 Rf8 42. Re7 f3 43. Ng4 Qh4 0-1

[Event "23rd Abu Dhabi Masters"]
[Site "Abu Dhabi UAE"]
[Date "2016.08.23"]
[Round "3.44"]
[White "Das, Sayantan"]
[Black "Manush, Shah"]
[Result "1-0"]
[WhiteTitle "IM"]
[WhiteElo "2399"]
[BlackElo "2151"]
[WhiteFideId "5034426"]
[BlackFideId "5040680"]
[EventDate "2016.08.21"]

1. Nf3 d5 2. c4 c6 3. g3 Nf6 4. Bg2 dxc4 5. O-O g6 6. a4 Bg7 7. Na3 O-O 8. Nxc4
Be6 9. Qc2 Na6 10. a5 Bd5 11. d3 Nb4 12. Qa4 c5 13. Nfe5 Bxg2 14. Kxg2 Qd5+ 15.
e4 Qe6 16. Rd1 Nxe4 17. Qd7 Bxe5 18. Qxe6 fxe6 19. dxe4 Bd4 20. f3 Rad8 21. Bf4
Nc6 22. Rd2 e5 23. Bh6 Rfe8 24. Rd3 Rd7 25. Rb3 Kf7 26. h4 Ke6 27. h5 Nd8 28. a6
gxh5 29. axb7 Nxb7 30. Ra6+ Nd6 31. f4 exf4 32. gxf4 Rdd8 33. Rb7 Rb8 34. f5+
Kf6 35. Nxd6 exd6 36. Rxd6+ Ke5 37. Rxb8 Rxb8 38. Re6# 1-0

[Event "23rd Abu Dhabi Masters"]
[Site "Abu Dhabi UAE"]
[Date "2016.08.23"]
[Round "3.45"]
[White "Al-Zaabi, Sultan"]
[Black "Ravi, Teja S."]
[Result "0-1"]
[WhiteTitle "CM"]
[BlackTitle "IM"]
[WhiteElo "1698"]
[BlackElo "2387"]
[WhiteFideId "9307583"]
[BlackFideId "5017220"]
[EventDate "2016.08.21"]

1. d4 d5 2. c4 c6 3. Nf3 Nf6 4. Qc2 dxc4 5. Qxc4 Bf5 6. Bf4 Qb6 7. b4 e6 8. a3
Nd5 9. Bd2 a5 10. g4 Be4 11. Nc3 Nxc3 12. bxa5 Rxa5 13. Qxc3 Rxa3 14. Rxa3 Qb1+
15. Qc1 Bxa3 16. Qxb1 Bxb1 17. Ne5 Ba2 18. e4 Bb2 19. Be3 Nd7 20. Nc4 Bc3+ 21.
Kd1 Bb3+ 22. Kc1 O-O 23. Nd2 Ba4 24. Bd3 e5 25. dxe5 Nxe5 26. Be2 Rd8 27. Nc4
Bb5 28. Kc2 Bxc4 29. Bxc4 Nxc4 30. Kxc3 Nxe3 31. fxe3 f6 32. Rb1 Rd7 33. h4 Kf7
34. Kc2 Ke6 35. Rb4 Ke5 36. h5 b5 37. Kc3 Rd1 0-1

[Event "23rd Abu Dhabi Masters"]
[Site "Abu Dhabi UAE"]
[Date "2016.08.23"]
[Round "3.46"]
[White "Tissir, Mohamed"]
[Black "Severina, Maria"]
[Result "1-0"]
[WhiteTitle "IM"]
[BlackTitle "WIM"]
[WhiteElo "2380"]
[BlackElo "2262"]
[WhiteFideId "9000240"]
[BlackFideId "4116909"]
[EventDate "2016.08.21"]

1. e4 e5 2. Nf3 Nc6 3. Bc4 Bc5 4. c3 Nf6 5. d3 O-O 6. Nbd2 a5 7. a4 d6 8. O-O
Be6 9. Re1 h6 10. h3 Qd7 11. Nf1 Bxc4 12. dxc4 Qe6 13. b3 Ne7 14. Ng3 Kh7 15.
Qd3 Nfg8 16. Bd2 g6 17. b4 Bb6 18. Be3 Bxe3 19. fxe3 f5 20. Red1 f4 21. exf4
exf4 22. Ne2 Nc6 23. Ned4 Nxd4 24. Nxd4 Qe7 25. Nf3 Nf6 26. c5 Rad8 27. cxd6
cxd6 28. Re1 Rfe8 29. Qd2 g5 30. Qc2 Kg8 31. e5 dxe5 32. Rxe5 Qg7 33. Rae1 Rxe5
34. Rxe5 axb4 35. cxb4 Nh5 36. Re6 Kf7 37. Qf5+ Kg8 38. Rg6 Rd1+ 39. Kf2 Rf1+
40. Kxf1 Ng3+ 41. Kf2 Nxf5 42. Rxg7+ Kxg7 43. a5 Nd6 44. Nd4 Kf6 45. b5 Nc4 46.
a6 bxa6 47. bxa6 Ke5 48. Nb5 Nb6 49. a7 Na8 50. Kf3 h5 51. Ke2 Ke4 52. Nd6+ Ke5
53. Nc4+ Kd4 54. Nd2 g4 55. h4 Nb6 56. Nb3+ Kc4 57. Nc1 Kd4 58. Nb3+ Kc4 59. Nc1
Kd4 60. Nd3 f3+ 61. gxf3 gxf3+ 62. Kd2 Nc4+ 63. Ke1 Nb6 64. Nf4 Ke4 65. Nxh5 Kf5
66. Ng3+ Kg4 67. Kf2 Kxh4 68. Kxf3 Kg5 69. Ke4 Kf6 70. Kd4 Ke7 71. Kc5 Na8 72.
Kc6 Kd8 73. Ne4 Kc8 74. Nd6+ Kd8 75. Nc4 Ke7 76. Nb6 1-0

[Event "23rd Abu Dhabi Masters"]
[Site "Abu Dhabi UAE"]
[Date "2016.08.23"]
[Round "3.47"]
[White "Senthil, Maran K"]
[Black "Mehar, Chinna Reddy C.H."]
[Result "1-0"]
[BlackTitle "FM"]
[WhiteElo "2208"]
[BlackElo "2373"]
[WhiteFideId "25035681"]
[BlackFideId "5027420"]
[EventDate "2016.08.21"]

1. d4 c5 2. d5 f5 3. e4 fxe4 4. Nc3 Nf6 5. Nge2 g6 6. Ng3 Qc7 7. Bg5 Bg7 8. d6
Qa5 9. dxe7 d5 10. Qd2 Be6 11. Rd1 Nc6 12. Bb5 Kf7 13. O-O Nxe7 14. Ncxe4 Qxd2
15. Nd6+ Kf8 16. Rxd2 h6 17. Re1 hxg5 18. Rxe6 a6 19. Rde2 Nfg8 20. Bd3 c4 21.
Bxg6 Rh6 22. Bf5 Rxe6 23. Bxe6 Bxb2 24. Nxb7 Bd4 25. Bxg8 Nxg8 26. Rd2 Ba7 27.
Rxd5 Rb8 28. Rd8+ Rxd8 29. Nxd8 g4 30. Nc6 Bc5 31. Ne5 Nf6 32. Nxc4 Ke7 33. Kf1
Ke6 34. Ke2 Kd5 35. Ne3+ Kd4 36. h3 gxh3 37. gxh3 Kc3 38. Ng4 Nxg4 39. hxg4 Kb2
40. Ne4 Bf8 41. c4 1-0

[Event "23rd Abu Dhabi Masters"]
[Site "Abu Dhabi UAE"]
[Date "2016.08.23"]
[Round "3.48"]
[White "Iniyan, P"]
[Black "Aradhya, Garg"]
[Result "1-0"]
[WhiteElo "2368"]
[BlackElo "2262"]
[WhiteFideId "25002767"]
[BlackFideId "25006746"]
[EventDate "2016.08.21"]

1. d4 d5 2. c4 c6 3. Nf3 Nf6 4. Nc3 dxc4 5. a4 Bf5 6. e3 e6 7. Bxc4 Bb4 8. O-O
O-O 9. Qe2 Bg4 10. h3 Bh5 11. Rd1 Nbd7 12. e4 Qe7 13. e5 Nd5 14. Ne4 f6 15. exf6
N7xf6 16. Neg5 Rae8 17. g4 Nxg4 18. hxg4 Bxg4 19. Qc2 Bf5 20. Bd3 h6 21. Ne4 Bg4
22. Ne5 Bxd1 23. Qxd1 Qc7 24. Qg4 c5 25. Qg6 Ne7 26. Nf6+ 1-0

[Event "23rd Abu Dhabi Masters"]
[Site "Abu Dhabi UAE"]
[Date "2016.08.23"]
[Round "3.50"]
[White "Raja, Harshit"]
[Black "Tarini, Goyal"]
[Result "1/2-1/2"]
[BlackTitle "WFM"]
[WhiteElo "2354"]
[BlackElo "2142"]
[WhiteFideId "5089000"]
[BlackFideId "5082749"]
[EventDate "2016.08.21"]

1. e4 c5 2. Nf3 e6 3. d4 cxd4 4. Nxd4 Nc6 5. Nc3 Qc7 6. Be3 a6 7. Qd2 Nf6 8. f4
d6 9. Be2 Be7 10. O-O-O O-O 11. g4 Nxd4 12. Qxd4 b5 13. g5 Nd7 14. Rhf1 Bb7 15.
f5 Rfc8 16. f6 Bf8 17. fxg7 Bxg7 18. Qxd6 Bxc3 19. Qxc7 Rxc7 20. bxc3 Bxe4 21.
Bh5 Rf8 22. Bf4 e5 23. Bg3 Bg2 24. Rfe1 Bh3 25. Re3 Be6 26. Bf3 Bxa2 27. Rd6 Be6
28. Rxa6 Rfc8 29. Ra8 Rxa8 30. Bxa8 Nb6 31. Rd3 Nc4 32. Bf2 Rc8 33. Bb7 Rb8 34.
Bc6 Kg7 35. h4 Rf8 36. Rf3 Rb8 37. Rd3 Kg6 38. Be4+ Kg7 39. Bc6 1/2-1/2